Word Ladder #16 – Largest Mediterranean Islands - Statistics

General Stats
  • This quiz has been taken 349 times
  • The average score is 12 of 19
Answer Stats
Hint Answer % Correct
Island #3. Nicosia. Cyprus
84%
Tightly packed little fish. Sardines
82%
Island #1. Capital is Cagliari. Sardinia
81%
Island #2. Mount Etna. Sicily
80%
Island #5: Minoan civilization. Crete
75%
Island #4. Napoleon’s birthplace. Corsica
74%
Famous Vatican chapel. Sistine
73%
TV series: “Dawson’s _____.” Creek
71%
McEnroe: “You cannot be ______!” Serious
71%
Toy: _____ Putty. Silly
66%
McCormick or Billy Ray. Cyrus
65%
Feeling nauseated during a drive. Carsick
58%
Coffee grinder choice: fine or ______. Coarse
58%
Core, mantle, _____. Crust
56%
Type of cracker. Saltines
54%
iPhone personality. Siri
53%
Three score. Sixty
50%
Said a 4-letter word. Cursed
42%
With Watson, unraveled DNA. Crick
36%
No matching quizzes found
Score Distribution
Percent of People with Each Score
Percentile by Number Answered
Your Score History
You have not taken this quiz